000 00713nam a2200277Ia 4500
005 20260324134406.0
008 008 260324s9999 xx 000 0 eng d
020 _a9781315499338
037 _aEBOOK
040 _aCRL
040 _beng
040 _cCRL
041 _2eng
041 _aeng
084 _qCRL
100 _aGregory Blue; Martin Bunton; Criozier, Ralph; Gregory Blue; Martin Bunton; Ralph C. Croizier
_91196642
245 0 _aColonialism and the Modern World
260 _bTaylor and Francis
260 _c2002
365 _a
365 _b230
856 _uhttp://www.taylorfrancis.com/books/9781315499338
942 _cEBOOK
999 _c1796695
_d1796695